Lehrbuch der Hydrodynamik. (Record no. 37301)

MARC details
000 -LEADER
fixed length control field 00414cam a22001697 4500
001 - CONTROL NUMBER
control field ltf89000791
003 - CONTROL NUMBER IDENTIFIER
control field DLC
005 - DATE AND TIME OF LATEST TRANSACTION
control field 20260227111549.0
008 - FIXED-LENGTH DATA ELEMENTS--GENERAL INFORMATION
fixed length control field 891024s1900 gw 000 0 ger
010 ## - LIBRARY OF CONGRESS CONTROL NUMBER
LC control number ltf89000791
040 ## - CATALOGING SOURCE
Original cataloging agency DLC
Transcribing agency DLC
050 00 - LIBRARY OF CONGRESS CALL NUMBER
Classification number 4TC 26
100 1# - MAIN ENTRY--PERSONAL NAME
Personal name Wien, W.
Fuller form of name (Wilhelm),
Dates associated with a name 1864-1928.
245 10 - TITLE STATEMENT
Title Lehrbuch der Hydrodynamik.
260 ## - PUBLICATION, DISTRIBUTION, ETC.
Place of publication, distribution, etc. Leipzig,
Name of publisher, distributor, etc. S. Hirzel,
Date of publication, distribution, etc. 1900.
300 ## - PHYSICAL DESCRIPTION
Extent 319 p.

No items available.

Powered by Koha